000 00476pab a2200169 454500
008 180718b2003 xxu||||| |||| 00| 0 eng d
100 _aDash, J.
245 _aCrisis management: lessons from the past - a case study of drought situation in Kalahandi (undivided) of Orissa
260 _c2003
300 _ap.123-34.
362 _aJan-Jun
650 _aDrought - India - Orissa
650 _aDrought
700 _aBehura, N.K.
773 _aMan in India
909 _a57484
999 _c57484
_d57484